00485nam a22001577a 450000500170000001000230001702000230004003500320006303700240009508200120011910000210013124500460015226000420019827000670024030000200030720181211155631.0 aB-226974, B-226967 a8188322725c150.00 aB-226974, B-226967,B-226968 bOcean Books(P) Ltd. a133.333 aBhatnagar, Anita aLet us learn numerologyc Anita Bhatnagar aNew Delhi.bOcean Books(P) Ltd.c2005 a4/19 Asaf Ali Road,New Delhi-110002,(India)bNew Delhie110002 a104p.c22cm(hb)